Charles de Foucauld: Bruder aller Menschen
| Main Author: | |
|---|---|
| Contributors: | |
| Format: | Print Book |
| Language: | German |
| Subito Delivery Service: | Order now. |
| Check availability: | HBZ Gateway |
| WorldCat: | WorldCat |
| Interlibrary Loan: | Interlibrary Loan for the Fachinformationsdienste (Specialized Information Services in Germany) |
| Published: |
Freiburg im Breisgau [u.a.]
Herder
1977
|
| In: | Year: 1977 |
| Standardized Subjects / Keyword chains: | B
Foucauld, Charles de 1858-1916
|
| Further subjects: | B
Foucauld, Charles de (1858-1916)
B Biography B Biographie / Einz. Pers. Foucauld, C. de / Christliche Persönlichkeiten |
| Sammlungen: |
MARC
| LEADER | 00000cam a2200000 c 4500 | ||
|---|---|---|---|
| 001 | 023650966 | ||
| 003 | DE-627 | ||
| 005 | 20251028122858.0 | ||
| 007 | tu | ||
| 008 | 710101s1977 gw ||||| 00| ||ger c | ||
| 015 | |a 78,A04,0061 |2 dnb | ||
| 016 | 7 | |a 780034589 |2 DE-101 | |
| 020 | |a 3451179644 |9 3-451-17964-4 | ||
| 035 | |a (DE-627)023650966 | ||
| 035 | |a (DE-603)079697704 | ||
| 035 | |a (DE-576)040580296 | ||
| 035 | |a (DE-599)GBV023650966 | ||
| 035 | |a (OCoLC)9589488 | ||
| 035 | |a (OCoLC)635939921 | ||
| 035 | |a (OCoLC)09589488 | ||
| 040 | |a DE-627 |b ger |c DE-627 |e rakwb | ||
| 041 | |a ger |h fre | ||
| 044 | |c XA-DE | ||
| 082 | 0 | 4 | |a 02a |
| 084 | |a REL 79 |2 sfb | ||
| 084 | |a 02a |2 sdnb | ||
| 084 | |a 1 |2 ssgn | ||
| 084 | |a BM 7871 |2 rvk |0 (DE-625)rvk/12908:11597 | ||
| 084 | |a 11.54 |2 bkl | ||
| 100 | 1 | |0 (DE-588)115666400 |0 (DE-627)077393686 |0 (DE-576)164297952 |4 aut |a Six, Jean-François |d 1929- | |
| 109 | |a Six, Jean-François 1929- |a Six, Jean François 1929- | ||
| 240 | 1 | 0 | |a La Vie de Charles de Foucauld <dt> |
| 245 | 1 | 0 | |a Charles de Foucauld |b Bruder aller Menschen |c Jean-François Six. Aus dem Franz. übers. von Gertrud Jahn... |
| 264 | 1 | |a Freiburg im Breisgau [u.a.] |b Herder |c 1977 | |
| 300 | |a 235 S |b Kt | ||
| 336 | |a Text |b txt |2 rdacontent | ||
| 337 | |a ohne Hilfsmittel zu benutzen |b n |2 rdamedia | ||
| 338 | |a Band |b nc |2 rdacarrier | ||
| 361 | 1 | |a Piontek, Joachim |5 DE-Hil6 |y 4792238676 |s 1 E e 39273 |o Vorbesitz |l 2025 | |
| 583 | 1 | |a Archivierung/Langzeitarchivierung gewährleistet |f PEBW |x XA-DE-BW |2 pdager |5 DE-31 | |
| 583 | 1 | |a Archivierung/Langzeitarchivierung gewährleistet |f SSG |x XA-DE-BW |2 pdager |5 DE-21 | |
| 583 | 1 | |a Archivierung prüfen |c 20240324 |f DE-4165 |z 1 |2 pdager | |
| 600 | 1 | 7 | |0 (DE-588)118534521 |0 (DE-627)134595963 |0 (DE-576)208922008 |a Foucauld, Charles de |d 1858-1916 |2 gnd |
| 650 | 4 | |a Biographie / Christliche Persönlichkeiten / Einz. Pers. Foucauld, C. de | |
| 655 | 7 | |a Biografie |0 (DE-588)4006804-3 |0 (DE-627)104213493 |0 (DE-576)208867147 |2 gnd-content | |
| 689 | 0 | 0 | |d p |0 (DE-588)118534521 |0 (DE-627)134595963 |0 (DE-576)208922008 |2 gnd |a Foucauld, Charles de |d 1858-1916 |
| 689 | 0 | |5 (DE-627) | |
| 700 | 1 | |a Jahn, Gertrud |4 oth | |
| 700 | 1 | 2 | |a Six, Jean-François |d 1929- |t La Vie de Charles de Foucauld <dt> |
| 700 | 1 | 2 | |a Six, Jean-François |d 1929- |t La vie de Charles de Foucauld <dt.> |
| 935 | |a mteo |a JALB | ||
| 935 | |i Blocktest | ||
| 936 | r | v | |a BM 7871 |b Sekundärliteratur |k Theologie und Religionswissenschaften |k Theologie des geistlichen Lebens |k Quellen zur Theologie des geistlichen Lebens |k Geistliche Schriftsteller des 20. Jahrhunderts |k Foucauld, Charles de (+1916) |k Sekundärliteratur |0 (DE-627)1271571374 |0 (DE-625)rvk/12908:11597 |0 (DE-576)201571374 |
| 936 | b | k | |a 11.54 |j Katholizismus |0 (DE-627)106402668 |
| 951 | |a BO | ||
| ELC | |b 1 | ||
| ITA | |a 1 |t 1 | ||
| LOK | |0 000 xxxxxcx a22 zn 4500 | ||
| LOK | |0 001 3257957017 | ||
| LOK | |0 003 DE-627 | ||
| LOK | |0 004 023650966 | ||
| LOK | |0 005 19980312000000 | ||
| LOK | |0 008 970225||||||||||||||||ger||||||| | ||
| LOK | |0 040 |a DE-21 |c DE-627 |d DE-21 | ||
| LOK | |0 852 |a DE-21 | ||
| LOK | |0 852 1 |c 18 A 133 |9 00 | ||
| LOK | |0 935 |a kram |a konv | ||
| LOK | |0 939 |a 25-02-97 |b l01 | ||
| LOK | |0 000 xxxxxcx a22 zn 4500 | ||
| LOK | |0 001 4578064433 | ||
| LOK | |0 003 DE-627 | ||
| LOK | |0 004 023650966 | ||
| LOK | |0 005 20240909125559 | ||
| LOK | |0 008 240909||||||||||||||||ger||||||| | ||
| LOK | |0 040 |a DE-Tue135 |c DE-627 |d DE-Tue135 | ||
| LOK | |0 092 |o n | ||
| LOK | |0 852 |a DE-Tue135 | ||
| LOK | |0 852 1 |9 00 | ||
| LOK | |0 866 |x SPQUE#Johannes a Lasco Bibliothek | ||
| LOK | |0 935 |a JALB | ||
| LOK | |0 939 |a 09-09-24 |b l01 | ||
| ORI | |a SA-MARC-ixtheoa001.raw | ||
| REL | |a 1 | ||
| SUB | |a REL | ||
| SYA | 0 | 0 | |a Foucauld de Pontbriand, Charles Eugène de,1858-1916,Charles,de Jésus,1858-1916,Foucauld, Charles Eugène de,1858-1916,Foucauld, Charles E. de,1858-1916,Foucauld, Carlo Eugenio de,1858-1916,Foucauld de Pontbriand, Charles de,1858-1916,Pontbriand, Charles de Foucauld de,1858-1916,Depontbriand, Charles De Foucauld,1858-1916,Karl,von Jesus,1858-1916,Karl von Jesus,Bruder,1858-1916,Foucauld, ... de,père,1858-1916,Carlo de Gesù,fratel,1858-1916,Carlo De Gesù,Fratel,1858-1916,Marie Albéric,brother,1858-1916,Charles de Jésus,father,1858-1916,Charles De Jésus,Father,1858-1916,Fūkū, Šārl dih,1858-1916,Fūkū, Šārl dah,1858-1916,Fūkū, Šāril dih,1858-1916,Fūkū, Šāril dah,1858-1916,Fūkū, Šārl da,1858-1916,Fūkū, Šāril da,1858-1916,Marie-Albéric,Trappist, Missionar, Einsiedler,1858-1916,Foucauld, Charles Eugène de,Trappist, Missionar, Einsiedler,1858-1916,Foucauld de Pontbriand, Charles de,Trappist, Missionar, Einsiedler,1858-1916,Foucauld, Charles de,Trappist, Missionar, Einsiedler,1858-1916,Foucauld, Charles,Vater,1858-1916,Foucauld, Charles Eugène,1858-1916,Marie Albéric,Bruder,1858-1916,Marie-Albéric,Bruder,1858-1916,Charles de Jésus,Trappist, Missionar, Einsiedler,1858-1916,Foucauld, Ch. de,1858-1916 |
| SYG | 0 | 0 | |a Foucauld de Pontbriand, Charles Eugène de,1858-1916,Charles,de Jésus,1858-1916,Foucauld, Charles Eugène de,1858-1916,Foucauld, Charles E. de,1858-1916,Foucauld, Carlo Eugenio de,1858-1916,Foucauld de Pontbriand, Charles de,1858-1916,Pontbriand, Charles de Foucauld de,1858-1916,Depontbriand, Charles De Foucauld,1858-1916,Karl,von Jesus,1858-1916,Karl von Jesus,Bruder,1858-1916,Foucauld, ... de,père,1858-1916,Carlo de Gesù,fratel,1858-1916,Carlo De Gesù,Fratel,1858-1916,Marie Albéric,brother,1858-1916,Charles de Jésus,father,1858-1916,Charles De Jésus,Father,1858-1916,Fūkū, Šārl dih,1858-1916,Fūkū, Šārl dah,1858-1916,Fūkū, Šāril dih,1858-1916,Fūkū, Šāril dah,1858-1916,Fūkū, Šārl da,1858-1916,Fūkū, Šāril da,1858-1916,Marie-Albéric,Trappist, Missionar, Einsiedler,1858-1916,Foucauld, Charles Eugène de,Trappist, Missionar, Einsiedler,1858-1916,Foucauld de Pontbriand, Charles de,Trappist, Missionar, Einsiedler,1858-1916,Foucauld, Charles de,Trappist, Missionar, Einsiedler,1858-1916,Foucauld, Charles,Vater,1858-1916,Foucauld, Charles Eugène,1858-1916,Marie Albéric,Bruder,1858-1916,Marie-Albéric,Bruder,1858-1916,Charles de Jésus,Trappist, Missionar, Einsiedler,1858-1916,Foucauld, Ch. de,1858-1916 |



